000 01398nam a2200361Ia 4500
001 ebr5000563
003 CaPaEBR
006 m u
007 cr cn|||||||||
008 100921r20011993inu s 000 1 eng d
040 _aCaPaEBR
_cCaPaEBR
035 _a(OCoLC)680629178
050 1 4 _aPR1583
_b.G8 2001eb
130 0 _aBeowulf.
245 1 0 _aBeowulf
_h[electronic resource] /
_cprepared by Robin Katsuya-Corbet ; translated by Francis B. Gummere.
250 _aed.
260 _a[South Bend, IN] :
_bInfomotions, Inc.,
_c2001, c1993.
300 _a64 p.
490 1 _aHarvard classics ;
_vvol. 49
500 _a"The Internet Wiretap edition of Beowulf from the Harvard Classics, vol. 49 (1910 )."
533 _aElectronic reproduction.
_bPalo Alto, Calif. :
_cebrary,
_d2011.
_nAvailable via World Wide Web.
_nAccess may be limited to ebrary affiliated libraries.
650 0 _aEpic poetry, English (Old)
650 0 _aMonsters
_vPoetry.
650 0 _aDragons
_vPoetry.
651 0 _aScandinavia
_vPoetry.
655 7 _aElectronic books.
_2local
700 1 _aKatsuya-Corbet, Robin.
700 1 _aGummere, Francis Barton,
_d1855-1919.
710 2 _aInfomotions, Inc.
710 2 _aebrary, Inc.
830 0 _aHarvard classics ;
_vvol. 49.
856 4 0 _uhttp://site.ebrary.com/lib/rucke/Doc?id=5000563
_zAn electronic book accessible through the World Wide Web; click to view
999 _c2878
_d2878